[Event "Bykova Memorial-C (Women)"]
[Site "Vladimir"]
[Date "2005.12.12"]
[Round "6"]
[White "Golubenko, Valentina"]
[Black "Mamonova, Yulia"]
[Result "1-0"]
[WhiteElo "2148"]
[BlackElo "2157"]
[PlyCount "65"]
[EventDate "2005.12.07"]
[EventType "tourn"]
[EventRounds "11"]
[EventCountry "RUS"]
[SourceTitle "CBM 109 Extra"]
[Source "ChessBase"]
[SourceDate "2006.01.03"]
[SourceVersion "2"]
[SourceVersionDate "2006.01.03"]
[SourceQuality "1"]

1. d4 f5 2. c4 Nf6 3. Nc3 g6 4. h4 Bg7 5. h5 Nxh5 6. e4 fxe4 7. Rxh5 gxh5 8. Qxh5+ Kf8 9. Bh6 e6 10. Nxe4 Qe7 11. 0-0-0 Qf7 12. Bxg7+ Qxg7 13. Rd3 Nc6 14. Rf3+ Ke7 15. Rg3 Qf7 16. Qg5+ Ke8 17. Nf6+ Kd8 18. Nd5+ Ne7 19. Qe5 Rg8 20. Qxc7+ Ke8 21. Rf3 Nf5 22. Ne3 d6 23. Qa5 b6 24. Qe1 Kd8 25. Nh3 Qg7 26. Nxf5 exf5 27. Qd2 Bd7 28. Nf4 Rc8 29. Kb1 Re8 30. Ra3 Re4 31. Rxa7 Qxd4 32. Ne6+ Rxe6 33. Qxd4 1-0